Datum a čas kvízu
37
Celkem bodů
Celkový počet nahraných bodů na tomto kvízu bez doplňovacích otázek.
1.
Pořadí na kvízu
Konečné umístění týmu na tomto kvízu.
Zaznamenané odpovědi
| # | Otázka | Odpověď | Body | Výsledky |
|---|---|---|---|---|
| 1. | Část ulice u ruského velvyslan... | Ukrajinských hrdinů | 1 | |
| 2. | Minulý týden proběhla médii zp... | v Benátkách | 1 | |
| 3. | Který velmi populární český hu... | Xindl X | 0 | |
| 4. | Jeden český státní podnik, kte... | České dráhy | 1 | |
| 5. | Rakouský 22letý skokan na lyží... | Skákal téměř nahý (pouze v plavkách typu „Borat“). | 0 | |
| 6. | Budeme se zabývat pěti filmy,... | Elijah Wood, Pán prstenů: Dvě věže | 1 | |
| 7. | Snímek Pan Jones z roku 2019 v... | Agnieszka Holland | 1 | |
| 8. | Paní Wilberforceová je výstřed... | Lupiči paní domácí | 1 | |
| 9. | Komedie Karla Kachyni z roku 1... | Kam pánové, kam jdete? | 1 | |
| 10. | V roce 2009 vznikl animovaný f... | Lišák | 0 |